| 000 | 01152cam a22003015a 4500 | ||
|---|---|---|---|
| 001 | 016174349 | ||
| 003 | OSt | ||
| 005 | 20160907155914.0 | ||
| 008 | 120921t2013 gw a frb 100 0 eng d | ||
| 020 | _a9783642286605 | ||
| 040 |
_aUk _beng _cUk _dEG-ScBUE |
||
| 082 | 0 | 4 |
_a006.37 _222 _bMAC |
| 245 | 0 | 0 |
_aMachine learning for computer vision / _c[editors] Roberto Cipolla, Sebastiano Battiato, and Giovanni Maria Farinella. |
| 260 |
_aHeidelberg : _bSpringer, _cc.2013. |
||
| 300 |
_axiii, 250 p. : _bill. (chiefly col.) ; _c24 cm. |
||
| 490 | 0 |
_aStudies in computational intelligence, _x1860-949X ; _v411. |
|
| 500 | _aBased on talks and tutorials from recent International Computer Vision Summer Schools. | ||
| 504 | _aIncludes bibliographical references. | ||
| 650 | 0 |
_aComputer vision _vCongresses. _2BUEsh _941067 |
|
| 650 | 0 |
_aMachine learning _vCongresses. _2BUEsh _941068 |
|
| 651 | _2BUEsh | ||
| 653 |
_bCOMSCI _cSeptember2016 |
||
| 700 | 1 |
_aCipolla, Roberto, _eeditor. |
|
| 700 | 1 |
_aBattiato, Sebastiano, _eeditor. |
|
| 700 | 1 |
_aFarinella, Giovanni Maria, _eeditor. |
|
| 711 | 2 | _aInternational Computer Vision Summer School. | |
| 942 | _2ddc | ||
| 999 |
_c22334 _d22306 |
||